[Event "Deutsche Ländermeisterschaft 2013"]
[Site "Hannover GER"]
[Date "2013.10.02"]
[Round "1"]
[White "Zimmermann, Ulrich"]
[Black "Mons, Leon"]
[Result "1-0"]
[Termination "normal"]
[Board "1.1"]
[WhiteTitle "20"]
[BlackTitle "18"]
[WhiteElo "2271"]
[BlackElo "2439"]
[WhiteTeam "Württemberg"]
[BlackTeam "Bayern"]
[WhiteFideId "24654523"]
[BlackFideId "4614950"]
[EventCountry "GER"]
[EventRounds "7"]
[EventType "team-swiss"]
[EventDate "2013.10.02"]

1. d4 g6 2. e4 Bg7 3. c4 d6 4. Nc3 e5 5. d5 f5 6. exf5 gxf5 7. Qh5+ Kf8 8. f4
Nf6 9. Qh4 Kf7 10. fxe5 dxe5 11. c5 Rf8 12. Bc4 Kg8 13. Nf3 Nbd7 14. c6 Nb6 15.
d6+ Kh8 16. d7 Bxd7 17. cxd7 e4 18. Ne5 Nxc4 19. Nxc4 Qxd7 20. Bh6 Bxh6 21.
Qxh6 Qd4 22. Ne3 Ng4 23. Nxg4 fxg4 24. Rf1 Rxf1+ 25. Kxf1 Qc5 26. Ke2 Rf8 27.
Qe3 Qc4+ 28. Kd2 Rd8+ 29. Kc2 Rd3 30. Qf4 Kg8 31. Qxg4+ Kh8 32. Qf4 Kg8 33.
Qg5+ Kh8 34. Qe5+ Kg8 35. Re1 Rd6 36. Qxe4 1-0

[Event "Deutsche Ländermeisterschaft 2013"]
[Site "Hannover GER"]
[Date "2013.10.02"]
[Round "1"]
[White "Berchtenbreiter, Maximilian"]
[Black "Gibicar, Danijel"]
[Result "1-0"]
[Termination "normal"]
[Board "1.2"]
[WhiteTitle "20"]
[BlackTitle "18"]
[WhiteElo "2405"]
[BlackElo "2149"]
[WhiteTeam "Bayern"]
[BlackTeam "Württemberg"]
[WhiteFideId "24641120"]
[BlackFideId "24660256"]
[EventCountry "GER"]
[EventRounds "7"]
[EventType "team-swiss"]
[EventDate "2013.10.02"]

1. e4 e6 2. b3 d5 3. Bb2 dxe4 4. Nc3 Nf6 5. Qe2 Be7 6. Nxe4 Nbd7 7. Nf3 O-O 8.
g4 Nxe4 9. Qxe4 Nf6 10. Qe2 b6 11. g5 Nd5 12. Qe4 Rb8 13. Bd3 g6 14. h4 e5 15.
Bc4 Bb7 16. Nxe5 b5 17. h5 bxc4 18. hxg6 fxg6 19. Rxh7 Nf4 20. Nxg6 Qxd2+ 21.
Kxd2 Rbd8+ 22. Kc1 Ne2+ 23. Qxe2 Bxg5+ 24. Kb1 1-0

[Event "Deutsche Ländermeisterschaft 2013"]
[Site "Hannover GER"]
[Date "2013.10.02"]
[Round "1"]
[White "Walter, Kevin"]
[Black "Ott, Florian"]
[Result "0-1"]
[Termination "normal"]
[Board "1.3"]
[WhiteTitle "16"]
[BlackTitle "16"]
[WhiteElo "1939"]
[BlackElo "2086"]
[WhiteTeam "Württemberg"]
[BlackTeam "Bayern"]
[WhiteFideId "12906654"]
[BlackFideId "12900281"]
[EventCountry "GER"]
[EventRounds "7"]
[EventType "team-swiss"]
[EventDate "2013.10.02"]

1. e4 c5 2. Nf3 d6 3. Bb5+ Bd7 4. Bxd7+ Qxd7 5. c4 Nf6 6. Nc3 g6 7. d4 cxd4 8.
Nxd4 Bg7 9. f3 O-O 10. Be3 a6 11. O-O Nc6 12. Nde2 Ne5 13. b3 b5 14. cxb5 axb5
15. a4 bxa4 16. Rxa4 Rxa4 17. Nxa4 Rb8 18. Nd4 d5 19. Bf4 Nh5 20. Bxe5 Bxe5 21.
Ne2 Qa7+ 22. Kh1 dxe4 23. Qd5 exf3 24. Rxf3 Bf6 25. g4 Ng7 26. Nc5 Qa8 27. Nf4
Qa1+ 28. Kg2 e6 29. Qc6 Bd4 30. Rf1 Qb2+ 31. Kh1 Bxc5 32. Qxc5 Qxb3 33. Qe5
Qb7+ 34. Kg1 h6 35. Rc1 Rc8 36. Rd1 Qf3 37. Rf1 Qxg4+ 38. Kh1 Qf5 39. Qd6 e5
0-1

[Event "Deutsche Ländermeisterschaft 2013"]
[Site "Hannover GER"]
[Date "2013.10.02"]
[Round "1"]
[White "Gretz, Denis"]
[Black "Schmidt, Tobias"]
[Result "1/2-1/2"]
[Termination "normal"]
[Board "1.4"]
[WhiteTitle "14"]
[BlackTitle "14"]
[WhiteElo "1922"]
[BlackElo "1932"]
[WhiteTeam "Bayern"]
[BlackTeam "Württemberg"]
[WhiteFideId "12945188"]
[BlackFideId "1271683"]
[EventCountry "GER"]
[EventRounds "7"]
[EventType "team-swiss"]
[EventDate "2013.10.02"]

1. e4 e6 2. d4 d5 3. Nc3 Bb4 4. e5 c5 5. Bd2 Nc6 6. Nb5 Bxd2+ 7. Qxd2 Nxd4 8.
Nxd4 cxd4 9. f4 Ne7 10. Nf3 Nc6 11. O-O-O Qb6 12. Nxd4 Nxd4 13. Qxd4 Qxd4 14.
Rxd4 Bd7 15. Be2 O-O 16. h4 Rac8 17. h5 Rc5 18. h6 Rfc8 19. c3 g6 20. g4 Bb5
21. Bd1 Rc4 22. Rxc4 Bxc4 23. b3 Bd3 24. Kd2 Be4 25. Rf1 Kf8 26. Bf3 Bxf3 27.
Rxf3 Ke7 28. Rd3 Rc6 29. Rd4 Ra6 30. a4 Rb6 31. Kc2 Rc6 32. g5 Kd7 33. Rb4 Kc7
34. Kd3 Rb6 35. Rxb6 Kxb6 36. c4 Kc5 37. b4+ Kc6 38. Kd4 dxc4 39. Kxc4 Kc7 40.
Kd3 Kc6 1/2-1/2

[Event "Deutsche Ländermeisterschaft 2013"]
[Site "Hannover GER"]
[Date "2013.10.02"]
[Round "1"]
[White "Gaßmann, Linda"]
[Black "Berger, Nadja"]
[Result "1-0"]
[Termination "normal"]
[Board "1.5"]
[WhiteTitle "16w"]
[BlackTitle "18w"]
[WhiteElo "1810"]
[BlackElo "1780"]
[WhiteTeam "Württemberg"]
[BlackTeam "Bayern"]
[WhiteFideId "12900451"]
[BlackFideId "24692212"]
[EventCountry "GER"]
[EventRounds "7"]
[EventType "team-swiss"]
[EventDate "2013.10.02"]

1. d4 d5 2. c4 c6 3. cxd5 cxd5 4. Nc3 Nf6 5. Nf3 Nc6 6. Bf4 Bf5 7. Qb3 Na5 8.
Qa4+ Bd7 9. Qd1 Qb6 10. Ne5 e6 11. Rb1 Rc8 12. e3 Nc6 13. Nxd7 Nxd7 14. Be2 Be7
15. O-O O-O 16. Qa4 a6 17. Rfc1 Qd8 18. Qd1 Nb4 19. Nxd5 Rc3 20. Qa4 Qb6 21. h3
1-0

[Event "Deutsche Ländermeisterschaft 2013"]
[Site "Hannover GER"]
[Date "2013.10.02"]
[Round "1"]
[White "Degenhard, Simon"]
[Black "Reimann, Sebastian"]
[Result "0-1"]
[Termination "normal"]
[Board "1.7"]
[WhiteTitle "12"]
[BlackTitle "12"]
[WhiteElo "1713"]
[BlackElo "1670"]
[WhiteTeam "Württemberg"]
[BlackTeam "Bayern"]
[WhiteFideId "12944017"]
[BlackFideId "12928054"]
[EventCountry "GER"]
[EventRounds "7"]
[EventType "team-swiss"]
[EventDate "2013.10.02"]

1. e4 c5 2. Nf3 d6 3. d4 cxd4 4. Nxd4 Nf6 5. Nc3 a6 6. Be3 e5 7. Nb3 Be6 8. f3
Be7 9. Qd2 Qc7 10. O-O-O Nbd7 11. Kb1 Rc8 12. Be2 b5 13. Rdg1 Nb6 14. g4 Nc4
15. Bxc4 bxc4 16. Nc1 Qc6 17. N1e2 Qb7 18. Qd1 Rb8 19. Bc1 a5 20. Ng3 g6 21. h4
Qb4 22. Qd2 Qb6 23. h5 a4 24. Nxa4 c3 25. Qxc3 Qa7 26. b3 Qxa4 27. Ka1 Qa6 28.
hxg6 fxg6 29. Bh6 Kf7 30. Be3 Ra8 31. Qb2 Bd8 32. Rd1 Ba5 33. Ne2 Qxe2 0-1

[Event "Deutsche Ländermeisterschaft 2013"]
[Site "Hannover GER"]
[Date "2013.10.02"]
[Round "1"]
[White "Böse, Carolin"]
[Black "Mütsch, Annmarie"]
[Result "0-1"]
[Termination "normal"]
[Board "1.8"]
[WhiteTitle "12w"]
[BlackTitle "12w"]
[WhiteElo "1219"]
[BlackElo "1360"]
[WhiteTeam "Bayern"]
[BlackTeam "Württemberg"]
[WhiteFideId "12929646"]
[BlackFideId "12971367"]
[EventCountry "GER"]
[EventRounds "7"]
[EventType "team-swiss"]
[EventDate "2013.10.02"]

1. e4 e5 2. Bc4 Nf6 3. Nf3 Nc6 4. Ng5 d5 5. exd5 Na5 6. Bb5+ c6 7. dxc6 bxc6 8.
Qf3 Bb7 9. Bf1 Bd6 10. Qc3 Nd5 11. Qg3 e4 12. Qg4 O-O 13. Nxe4 f5 14. Nf6+ Nxf6
15. Qa4 Re8+ 16. Kd1 Ne4 17. Bc4+ Kf8 18. d3 Nxf2+ 19. Kd2 Bf4+ 20. Kc3 Be5+
21. Kd2 Qg5+ 22. Ke2 Bd4+ 23. Kf1 Qxc1# 1/2-1/2

[Event "Deutsche Ländermeisterschaft 2013"]
[Site "Hannover GER"]
[Date "2013.10.02"]
[Round "1"]
[White "Carow, Johannes"]
[Black "Kugler, Florian"]
[Result "1-0"]
[Termination "normal"]
[Board "2.1"]
[WhiteTitle "18"]
[BlackTitle "20"]
[WhiteElo "2355"]
[BlackElo "2236"]
[WhiteTeam "Rheinland-Pfalz"]
[BlackTeam "Hamburg"]
[WhiteFideId "24692050"]
[BlackFideId "4633300"]
[EventCountry "GER"]
[EventRounds "7"]
[EventType "team-swiss"]
[EventDate "2013.10.02"]

1. d4 Nf6 2. c4 e6 3. Nc3 Bb4 4. Qc2 c5 5. dxc5 O-O 6. a3 Bxc5 7. Bf4 Nc6 8.
Nf3 b6 9. Rd1 Bb7 10. b4 Be7 11. e4 Nh5 12. Be3 f5 13. exf5 Rxf5 14. Bd3 Bxb4
15. Bxf5 Bxc3+ 16. Qxc3 exf5 17. O-O Qe8 18. c5 Qg6 19. Rxd7 Ne5 20. Rxb7 Nxf3+
21. Kh1 Nh4 22. Qc4+ 1-0

[Event "Deutsche Ländermeisterschaft 2013"]
[Site "Hannover GER"]
[Date "2013.10.02"]
[Round "1"]
[White "Kramer, Julian"]
[Black "Yankelevich, Lev"]
[Result "0-1"]
[Termination "normal"]
[Board "2.2"]
[WhiteTitle "16"]
[BlackTitle "16"]
[WhiteElo "2137"]
[BlackElo "2197"]
[WhiteTeam "Hamburg"]
[BlackTeam "Rheinland-Pfalz"]
[WhiteFideId "12921742"]
[BlackFideId "24684074"]
[EventCountry "GER"]
[EventRounds "7"]
[EventType "team-swiss"]
[EventDate "2013.10.02"]

1. e4 c5 2. Nf3 d6 3. d4 cxd4 4. Nxd4 Nf6 5. Nc3 e5 6. Bb5+ Nbd7 7. Nf3 h6 8.
Bc4 Nb6 9. Bb3 Be7 10. O-O O-O 11. a4 Be6 12. Bxe6 fxe6 13. b3 a6 14. Bb2 Qc7
15. Nh4 Kh7 16. a5 Nbd7 17. g3 Qc6 18. Qe2 g5 19. Ng2 d5 20. exd5 exd5 21. f4
Bc5+ 22. Kh1 gxf4 23. gxf4 e4 24. Rad1 Rae8 25. Na4 Ba7 26. Bd4 Bxd4 27. Rxd4
Nc5 28. Ne3 Ne6 29. Rb4 d4 30. Rb6 Qc7 31. Nd5 Nxd5 32. Qxe4+ Kh8 33. Qxd5 Rxf4
34. Re1 Qf7 35. Qg2 Rg8 36. Qh3 Rh4 37. Rf1 Qh5 38. Qxh4 Qd5+ 0-1

[Event "Deutsche Ländermeisterschaft 2013"]
[Site "Hannover GER"]
[Date "2013.10.02"]
[Round "1"]
[White "Stahnecker, Ludwig"]
[Black "Hinrichs, Lars"]
[Result "1-0"]
[Termination "normal"]
[Board "2.3"]
[WhiteTitle "18"]
[BlackTitle "16"]
[WhiteElo "2141"]
[BlackElo "2037"]
[WhiteTeam "Rheinland-Pfalz"]
[BlackTeam "Hamburg"]
[WhiteFideId "24692026"]
[BlackFideId "12921769"]
[EventCountry "GER"]
[EventRounds "7"]
[EventType "team-swiss"]
[EventDate "2013.10.02"]

1. e4 e6 2. d4 d5 3. Nc3 Nf6 4. Bg5 Bb4 5. e5 h6 6. Bd2 Bxc3 7. bxc3 Ne4 8. Qg4
g6 9. Bd3 Nxd2 10. Kxd2 c5 11. Nf3 c4 12. Be2 Bd7 13. h4 Bc6 14. Nh2 Nd7 15. f4
h5 16. Qh3 Qe7 17. g4 hxg4 18. Nxg4 O-O-O 19. Qg3 Rh7 20. Rh2 Rdh8 21. Rah1 f6
22. Ne3 Qf7 23. Rg1 Rh6 24. Bf3 Rf8 25. Ng4 Rh7 26. exf6 Nxf6 27. Ne5 Qc7 28.
Nxg6 Rg8 29. h5 Be8 30. Re2 Rhg7 31. Rxe6 Bxg6 32. Rxf6 Bf5 33. Qxg7 Qxf4+ 34.
Ke2 Rxg7 35. Rf8+ Kc7 36. Rxg7+ Kb6 37. Rf6+ Ka5 38. Rgf7 Qh2+ 39. Ke3 Bxc2 40.
Rxb7 Qg1+ 41. Kf4 Qc1+ 42. Ke5 Qg5+ 43. Ke6 Qg8+ 44. Rff7 Qc8+ 45. Kxd5 Qd8+
46. Kxc4 Qc8+ 47. Rfc7 Qe6+ 48. d5 Qa6+ 49. Kc5 1-0

[Event "Deutsche Ländermeisterschaft 2013"]
[Site "Hannover GER"]
[Date "2013.10.02"]
[Round "1"]
[White "Rogozenco, Teodora"]
[Black "Perske, Thore"]
[Result "0-1"]
[Termination "normal"]
[Board "2.4"]
[WhiteTitle "14w"]
[BlackTitle "14"]
[WhiteElo "1884"]
[BlackElo "2150"]
[WhiteTeam "Hamburg"]
[BlackTeam "Rheinland-Pfalz"]
[WhiteFideId "12938084"]
[BlackFideId "12902195"]
[EventCountry "GER"]
[EventRounds "7"]
[EventType "team-swiss"]
[EventDate "2013.10.02"]

1. d4 Nf6 2. g3 g6 3. Bg2 Bg7 4. Nf3 O-O 5. O-O d6 6. c4 Nc6 7. Nc3 a6 8. e4
Bg4 9. h3 Bxf3 10. Bxf3 e5 11. d5 Nd4 12. Be3 Nd7 13. Bg2 c5 14. dxc6 bxc6 15.
Bxd4 exd4 16. Ne2 c5 17. Nc1 Rb8 18. Qc2 Ne5 19. Rd1 Rb4 20. Bf1 Qe7 21. f4 d3
22. Nxd3 Rxc4 23. Qg2 Nxd3 24. Bxd3 Rb4 25. Rab1 a5 26. a3 Rd4 27. Bc2 Rb8 28.
b3 Qf6 29. Kh2 h5 30. Qf2 Qe7 31. Rxd4 Bxd4 32. Qd2 h4 33. g4 Qa7 34. Qe1 a4
35. bxa4 Rxb1 36. Qxb1 Qa5 37. Qd1 Qc3 38. Qd3 Qe1 0-1

[Event "Deutsche Ländermeisterschaft 2013"]
[Site "Hannover GER"]
[Date "2013.10.02"]
[Round "1"]
[White "Carow, Annelen"]
[Black "Krüger, David"]
[Result "1/2-1/2"]
[Termination "normal"]
[Board "2.5"]
[WhiteTitle "20w"]
[BlackTitle "14"]
[WhiteElo "1997"]
[BlackElo "1796"]
[WhiteTeam "Rheinland-Pfalz"]
[BlackTeam "Hamburg"]
[WhiteFideId "24692492"]
[BlackFideId "12921858"]
[EventCountry "GER"]
[EventRounds "7"]
[EventType "team-swiss"]
[EventDate "2013.10.02"]

1. d4 d5 2. c4 c6 3. e3 Nf6 4. Nf3 e6 5. Nbd2 Nbd7 6. Bd3 Bd6 7. O-O O-O 8. e4
dxe4 9. Nxe4 Nxe4 10. Bxe4 Nf6 11. Bc2 Qc7 12. c5 Bf4 13. Qd3 Rd8 14. Be3 b6
15. b4 h6 16. g3 e5 17. Bxf4 exf4 18. Ne5 a5 19. a3 Ba6 20. Nc4 Qd7 21. Rfd1
Qh3 22. gxf4 Qg4+ 23. Kh1 Bxc4 24. Qxc4 Qf3+ 25. Kg1 Ng4 26. Qf1 Qxf4 27. Qg2
bxc5 28. h3 Nf6 29. dxc5 axb4 30. axb4 Rxa1 31. Rxa1 Nd5 32. b5 Qd4 33. Rd1
Qxc5 34. Qe4 Qb6 35. Qh7+ Kf8 36. Re1 f5 37. Qxf5+ Nf6 38. Qe6 Qc5 39. Qxc6
Qxc6 40. bxc6 Rc8 41. Ba4 Nd5 42. Rc1 Ke7 43. Kh2 Kd6 44. Kg3 Ra8 45. Bd1 Ra6
46. Bf3 Rxc6 47. Rxc6+ Kxc6 48. Kg4 g6 49. Be4 Kd6 50. Bxg6 Ke5 51. Bf7 Nf6+
52. Kh4 Kf4 53. Bh5 Ne4 1/2-1/2

[Event "Deutsche Ländermeisterschaft 2013"]
[Site "Hannover GER"]
[Date "2013.10.02"]
[Round "1"]
[White "Brandt, Carina"]
[Black "Schwarz, Larissa"]
[Result "1-0"]
[Termination "normal"]
[Board "2.6"]
[WhiteTitle "20w"]
[BlackTitle "16w"]
[WhiteElo "1886"]
[BlackElo "1930"]
[WhiteTeam "Hamburg"]
[BlackTeam "Rheinland-Pfalz"]
[WhiteFideId "12917940"]
[BlackFideId "24699004"]
[EventCountry "GER"]
[EventRounds "7"]
[EventType "team-swiss"]
[EventDate "2013.10.02"]

1. e4 c5 2. Nf3 Nc6 3. d4 cxd4 4. Nxd4 e6 5. Nc3 a6 6. Nxc6 bxc6 7. e5 Ne7 8.
Be2 Ng6 9. f4 d5 10. exd6 Qxd6 11. O-O Qc7 12. Be3 Be7 13. Ne4 O-O 14. Bc4 c5
15. Qh5 Qb7 16. Nxc5 Qxb2 17. Bd3 Qf6 18. Rab1 a5 19. Qf3 Bxc5 20. Bxc5 Bd7 21.
Bxf8 Rxf8 22. Rb7 Qd4+ 23. Qf2 Qd5 24. Be4 Qxe4 25. Rxd7 Qa4 26. Ra7 Qxa2 27.
Qc5 a4 28. Qc6 a3 29. Qc5 Qb2 30. Rxa3 Rb8 31. Rd3 Qb7 32. Rfd1 Qa8 33. Qc7 Nf8
34. Rd8 Rxd8 35. Rxd8 Qa3 36. Qd6 Qc1+ 37. Qd1 Qe3+ 38. Kh1 Qa3 39. c4 g6 40.
h3 1-0

[Event "Deutsche Ländermeisterschaft 2013"]
[Site "Hannover GER"]
[Date "2013.10.02"]
[Round "1"]
[White "Münch, Michelle"]
[Black "Sanati, Charlotte"]
[Result "0-1"]
[Termination "normal"]
[Board "2.8"]
[WhiteTitle "12w"]
[BlackTitle "12w"]
[WhiteElo "915"]
[BlackElo "1704"]
[WhiteTeam "Hamburg"]
[BlackTeam "Rheinland-Pfalz"]
[BlackFideId "12907707"]
[EventCountry "GER"]
[EventRounds "7"]
[EventType "team-swiss"]
[EventDate "2013.10.02"]

1. e4 c5 2. Nf3 d6 3. Nc3 Nf6 4. Bb5+ Bd7 5. O-O e5 6. d3 Be7 7. Nd5 Bxb5 8.
Ng5 Nxd5 9. h4 Bxg5 10. hxg5 Ne7 11. a4 Bc6 12. Be3 O-O 13. Bd2 Ng6 14. Re1 Nd7
15. Re3 Qxg5 16. Rh3 Qe7 17. Qh5 Nf6 18. Qf3 Bd7 19. Rh1 Qe6 20. g4 Qxg4+ 21.
Qg2 Qxg2+ 22. Kxg2 Rac8 23. d4 cxd4 24. Bg5 Nxe4 25. Bc1 Rxc2 26. Ra3 Nxf2 27.
Rh2 Ng4+ 28. Kg3 Nxh2 29. Bg5 h6 30. Bh4 Nxh4 31. Kxh4 e4 32. b4 e3 33. Ra1 Re8
34. b5 Rg2 35. Rf1 Re4+ 36. Kh5 Rg5# 0-1

[Event "Deutsche Ländermeisterschaft 2013"]
[Site "Hannover GER"]
[Date "2013.10.02"]
[Round "1"]
[White "Bräuer, Franz"]
[Black "Neef, Maximilian"]
[Result "1/2-1/2"]
[Termination "normal"]
[Board "3.1"]
[WhiteTitle "20"]
[BlackTitle "18"]
[WhiteElo "2282"]
[BlackElo "2252"]
[WhiteTeam "Thüringen"]
[BlackTeam "Sachsen"]
[WhiteFideId "24634468"]
[BlackFideId "24692085"]
[EventCountry "GER"]
[EventRounds "7"]
[EventType "team-swiss"]
[EventDate "2013.10.02"]

1. d4 Nf6 2. c4 g6 3. Nc3 Bg7 4. e4 d6 5. Be2 O-O 6. Nf3 e5 7. Be3 h6 8. O-O
Ng4 9. Bc1 Nd7 10. Rb1 Kh7 11. h3 exd4 12. Nxd4 Ngf6 13. f4 Re8 14. Bf3 c6 15.
Re1 Nc5 16. b4 Ne6 17. Be3 Nxd4 18. Bxd4 Be6 19. Qd3 c5 20. Bf2 cxb4 21. Rxb4
Rc8 22. Rd1 Qe7 23. Ra4 a6 24. Qxd6 Bxc4 25. e5 Ng8 26. Qxe7 Rxe7 27. Ne4 Bb5
28. Rb4 Rc2 29. Nd6 Bc6 30. Bxc6 bxc6 31. Rc4 Rxa2 32. Rxc6 f6 33. Nc4 fxe5 34.
fxe5 Rc2 35. Bg3 g5 36. Re1 h5 37. e6 Bd4+ 38. Kh1 Nh6 39. Na5 Ra2 40. Nb3 Bf6
41. Be5 Kg6 42. Nc5 Bxe5 43. Rxe5 Nf5 44. Rxa6 1/2-1/2

[Event "Deutsche Ländermeisterschaft 2013"]
[Site "Hannover GER"]
[Date "2013.10.02"]
[Round "1"]
[White "Möhn, Hans"]
[Black "Hoffmann, Tim"]
[Result "1-0"]
[Termination "normal"]
[Board "3.2"]
[WhiteTitle "18"]
[BlackTitle "16"]
[WhiteElo "2184"]
[BlackElo "1943"]
[WhiteTeam "Sachsen"]
[BlackTeam "Thüringen"]
[WhiteFideId "24647837"]
[BlackFideId "12900338"]
[EventCountry "GER"]
[EventRounds "7"]
[EventType "team-swiss"]
[EventDate "2013.10.02"]

1. e4 c5 2. Nf3 d6 3. d4 cxd4 4. Nxd4 Nf6 5. Nc3 a6 6. Be3 e5 7. Nb3 Be7 8. h3
h5 9. f4 Nbd7 10. Qf3 exf4 11. Bxf4 Ne5 12. Qe2 Qc7 13. O-O-O b5 14. Kb1 b4 15.
Nd5 Nxd5 16. exd5 Bf6 17. Nd4 Bd7 18. Qd2 a5 19. Bg5 Bxg5 20. Qxg5 Kf8 21. Be2
Qd8 22. Qf4 g6 23. Ne6+ Bxe6 24. dxe6 Qc7 25. Qf6 Rh7 26. exf7 Rd8 27. Rhf1 a4
28. Bd3 Rg7 29. Qf4 Qb6 30. Qh6 Nxf7 31. Bxg6 Rd7 32. Bxf7 Rdxf7 33. Qh8+ Rg8
34. Rxf7+ Kxf7 35. Rf1+ 1-0

[Event "Deutsche Ländermeisterschaft 2013"]
[Site "Hannover GER"]
[Date "2013.10.02"]
[Round "1"]
[White "Zahn, Alina"]
[Black "Richter, Leonard"]
[Result "0-1"]
[Termination "normal"]
[Board "3.3"]
[WhiteTitle "16w"]
[BlackTitle "16"]
[WhiteElo "1985"]
[BlackElo "2020"]
[WhiteTeam "Thüringen"]
[BlackTeam "Sachsen"]
[WhiteFideId "24696730"]
[BlackFideId "12900290"]
[EventCountry "GER"]
[EventRounds "7"]
[EventType "team-swiss"]
[EventDate "2013.10.02"]

1. e4 c5 2. Nf3 d6 3. d4 cxd4 4. Nxd4 Nf6 5. f3 e5 6. Nb3 a5 7. a4 Be6 8. c4
Qb6 9. Qd3 Nfd7 10. Be3 Nc5 11. Nxc5 dxc5 12. Nc3 Na6 13. Rd1 Be7 14. Qb1 O-O
15. Be2 Rad8 16. O-O Nb4 17. b3 f5 18. Rxd8 Qxd8 19. Rd1 Qe8 20. exf5 Bxf5 21.
Qb2 Nc2 22. Bf2 Nd4 23. Nd5 Bf6 24. Bf1 Qg6 25. Kh1 Be6 26. Nc7 Bd7 27. Nd5 Qh5
28. Bd3 Nxf3 29. Bg3 Nxh2 0-1

[Event "Deutsche Ländermeisterschaft 2013"]
[Site "Hannover GER"]
[Date "2013.10.02"]
[Round "1"]
[White "Urban, Konstantin"]
[Black "Nguyen, Huy Dat"]
[Result "1-0"]
[Termination "normal"]
[Board "3.4"]
[WhiteTitle "14"]
[BlackTitle "14"]
[WhiteElo "1842"]
[BlackElo "1871"]
[WhiteTeam "Sachsen"]
[BlackTeam "Thüringen"]
[WhiteFideId "12927511"]
[BlackFideId "12923486"]
[EventCountry "GER"]
[EventRounds "7"]
[EventType "team-swiss"]
[EventDate "2013.10.02"]

1. e4 c5 2. Nf3 d6 3. d4 cxd4 4. Nxd4 Nf6 5. Nc3 a6 6. Bg5 e6 7. f4 Nbd7 8. Qf3
Be7 9. O-O-O Qc7 10. Bd3 h6 11. Bh4 Nc5 12. Bg3 Nfd7 13. f5 Ne5 14. Bxe5 dxe5
15. Nb3 Nxb3+ 16. axb3 Qa5 17. Kb1 O-O 18. h4 b5 19. Qg4 b4 20. Ne2 Ra7 21. Ng3
exf5 22. exf5 Rd8 23. Nh5 Bf8 24. Bc4 Rd4 25. Qg6 Kh8 26. Bxf7 Qc7 27. Rxd4
exd4 28. Bc4 Qe5 29. g4 a5 30. f6 Rc7 31. Rf1 d3 32. fxg7+ Bxg7 33. Rf8+ Bxf8
34. Qg8# 1-0

[Event "Deutsche Ländermeisterschaft 2013"]
[Site "Hannover GER"]
[Date "2013.10.02"]
[Round "1"]
[White "Scheftlein, Richard"]
[Black "Gungl, Theo"]
[Result "1/2-1/2"]
[Termination "normal"]
[Board "3.5"]
[WhiteTitle "16"]
[BlackTitle "12"]
[WhiteElo "1915"]
[BlackElo "1948"]
[WhiteTeam "Thüringen"]
[BlackTeam "Sachsen"]
[WhiteFideId "12945609"]
[BlackFideId "24695653"]
[EventCountry "GER"]
[EventRounds "7"]
[EventType "team-swiss"]
[EventDate "2013.10.02"]

1. d4 d5 2. c4 c6 3. Nf3 Nf6 4. Nc3 e6 5. Bg5 dxc4 6. a4 Nbd7 7. e3 Qa5 8. Bxf6
Nxf6 9. Ne5 Bb4 10. Rc1 O-O 11. Nxc4 Qc7 12. Qb3 Be7 13. Be2 Nd5 14. O-O Kh8
15. Bf3 f5 16. Ne5 Nxc3 17. Qxc3 Bd7 18. b4 Rac8 19. b5 c5 20. Rfd1 Bf6 21. Nd3
Qd8 22. Bxb7 cxd4 23. Qd2 Rxc1 24. Nxc1 Qb6 25. Bf3 Rd8 26. exd4 a6 27. Be2
axb5 28. Qb4 h6 29. axb5 Rb8 30. Nb3 Bxb5 31. Qxb5 Qxb5 32. Bxb5 Rxb5 33. Nc5
Bxd4 34. Nxe6 Bb6 35. Nf4 1/2-1/2

[Event "Deutsche Ländermeisterschaft 2013"]
[Site "Hannover GER"]
[Date "2013.10.02"]
[Round "1"]
[White "Kempe, Anne"]
[Black "Riedel, Erich"]
[Result "1/2-1/2"]
[Termination "normal"]
[Board "3.6"]
[WhiteTitle "14w"]
[BlackTitle "12"]
[WhiteElo "1790"]
[BlackElo "1739"]
[WhiteTeam "Sachsen"]
[BlackTeam "Thüringen"]
[WhiteFideId "12918083"]
[BlackFideId "12958646"]
[EventCountry "GER"]
[EventRounds "7"]
[EventType "team-swiss"]
[EventDate "2013.10.02"]

1. e4 e6 2. d4 d5 3. Nc3 Nf6 4. e5 Nfd7 5. f4 c5 6. Nf3 Nc6 7. Nb5 c4 8. a4 a6
9. Na3 b5 10. c3 b4 11. cxb4 Nxb4 12. Bd2 Qa5 13. b3 cxb3 14. Qxb3 Rb8 15. Qd1
Be7 16. Be2 O-O 17. O-O Qb6 18. Rb1 a5 19. Nb5 Ba6 20. Kh1 Qb7 21. Qb3 Nb6 22.
Rbc1 Rfc8 23. Rc3 Rxc3 24. Bxc3 Nxa4 25. Bxb4 axb4 26. Nd6 Bxd6 27. Bxa6 Qxa6
28. Ra1 Be7 29. Qxa4 Qxa4 30. Rxa4 b3 31. Ra1 Bb4 32. Kg1 Bc3 33. Rb1 b2 34.
Kf2 Ra8 35. Ke2 Ra1 36. Nd2 Bxd2 37. Rxb2 h6 38. Kxd2 Ra3 39. Ke2 Kh7 40. f5
Ra6 41. fxe6 fxe6 42. Ke3 Ra3+ 43. Ke2 Ra7 1/2-1/2

[Event "Deutsche Ländermeisterschaft 2013"]
[Site "Hannover GER"]
[Date "2013.10.02"]
[Round "1"]
[White "Ratay, Meike"]
[Black "Moses, Selina"]
[Result "1/2-1/2"]
[Termination "normal"]
[Board "3.7"]
[WhiteTitle "12w"]
[BlackTitle "14w"]
[WhiteElo "1496"]
[BlackElo "1748"]
[WhiteTeam "Thüringen"]
[BlackTeam "Sachsen"]
[WhiteFideId "12977608"]
[BlackFideId "12908070"]
[EventCountry "GER"]
[EventRounds "7"]
[EventType "team-swiss"]
[EventDate "2013.10.02"]

1. e4 c5 2. Nf3 d6 3. c3 Nf6 4. h3 Nbd7 5. d3 e6 6. Be3 a6 7. Nbd2 b5 8. a4 Bb7
9. Be2 Be7 10. O-O O-O 11. Qb3 Qb6 12. Rfb1 bxa4 13. Qxa4 Qc6 14. Qxc6 Bxc6 15.
Bd1 Bb5 16. Bc2 Ne5 17. Nxe5 dxe5 18. c4 Bc6 19. Nb3 Nd7 20. Ra5 Bd8 21. Bxc5
Bxa5 22. Bxf8 Bc7 23. Ba3 Rd8 24. Nc5 Nb8 25. Rd1 a5 26. Ba4 Bxa4 27. Nxa4 Nc6
28. Bc5 Nd4 29. Bxd4 exd4 30. Rb1 Rb8 31. b3 Bd6 32. g3 e5 33. h4 Kf8 34. Kg2
Ke7 35. Kh3 f6 36. Kg4 g6 37. f3 Kd7 $11 38. f4 h5+ 39. Kf3 Ke6 40. fxe5 fxe5
41. Kg2 Be7 42. Kh3 Kd7 43. Kg2 Kc6 $11 44. Kf2 Rf8+ 45. Ke2 Rb8 46. Kd2 Rf8
47. Ke2 Rb8 48. Rb2 Ba3 49. Rb1 Bd6 1/2-1/2

[Event "Deutsche Ländermeisterschaft 2013"]
[Site "Hannover GER"]
[Date "2013.10.02"]
[Round "1"]
[White "Bui, Ngoc Han Julia"]
[Black "Nguyen, Ha Thanh"]
[Result "1/2-1/2"]
[Termination "normal"]
[Board "3.8"]
[WhiteTitle "12w"]
[BlackTitle "12w"]
[WhiteElo "1386"]
[BlackElo "1550"]
[WhiteTeam "Sachsen"]
[BlackTeam "Thüringen"]
[WhiteFideId "12977055"]
[BlackFideId "12942154"]
[EventCountry "GER"]
[EventRounds "7"]
[EventType "team-swiss"]
[EventDate "2013.10.02"]

1. e4 c5 2. Nf3 Nc6 3. d4 cxd4 4. Nxd4 g6 5. f3 Bg7 6. Be3 Nf6 7. c4 O-O 8. Nc3
d6 9. Qd2 Bd7 10. Be2 Nxd4 11. Bxd4 Bc6 12. O-O Qa5 13. Rac1 Rfc8 14. b3 Qd8
15. Rfd1 Qf8 16. Be3 a6 17. Nd5 Bxd5 18. exd5 Nd7 19. b4 b6 20. Bf1 Rc7 21. Qf2
Qb8 22. Kh1 a5 23. c5 bxc5 24. bxc5 Nxc5 25. Bxc5 Rxc5 26. Rxc5 dxc5 27. Qxc5
Qd8 28. Bb5 Be5 29. Qe3 1/2-1/2